000
00223 a2200097 4500
001
49466
100
_a
Dumas
245
_a
Count of Monte Cristo (Vol-II)
260
_a
London
_b
J M Dent & Sons Ltd
_c
090
_c
31997
_d
31997
942
_a
NUST-CAE
_c
M
_c
24443
999
_c
284539
_d
284539